[Event "IND-ch (Women) 48th"]
[Site "Hatkanangale"]
[Date "2023.01.02"]
[Round "8"]
[White "Rashmi, Priya"]
[Black "Elakshi, Srivastava"]
[Result "0-1"]
[WhiteElo "1236"]
[BlackElo "1387"]
[PlyCount "90"]
[EventDate "2022.12.26"]
[EventType "swiss"]
[EventRounds "11"]
[EventCountry "IND"]
[SourceTitle "CBM 212 Extra"]
[Source "ChessBase"]
[SourceDate "2023.03.31"]
[SourceVersion "1"]
[SourceVersionDate "2023.03.31"]
[SourceQuality "1"]

1. e4 e6 2. d4 d5 3. exd5 exd5 4. Bd3 Bd6 5. Nf3 h6 6. h3 Ne7 7. 0-0 Be6 8. Be3 Nd7 9. Nbd2 c6 10. Re1 0-0 11. Nf1 Qc7 12. c3 Rfe8 13. Qc2 Nf8 14. Nh4 Qd7 15. Ng3 Bxg3 16. fxg3 g5 17. Nf3 Nfg6 18. Bf2 Bf5 19. Ne5 Bxd3 20. Qxd3 Nxe5 21. Rxe5 Ng6 22. Rxe8+ Rxe8 23. Re1 Rxe1+ 24. Bxe1 Qe6 25. Bf2 f5 26. Qe3 Qe4 27. b4 Kf7 28. a4 Ne7 29. Kf1 Nc8 30. h4 Qxe3 31. Bxe3 Kf6 32. Kf2 Nd6 33. hxg5+ hxg5 34. Bd2 Ne4+ 35. Ke3 Nxg3 36. Be1 Ne4 37. g3 b6 38. Kd3 Nd6 39. Bd2 Kg6 40. Ke2 Kh5 41. Kf3 Ne4 42. Be1 a6 43. c4 dxc4 44. g4+ Kg6 45. gxf5+ Kxf5 0-1